00591nam a2200145Ia 4500008004100000024006800041100009000109110001800199245002000217260002600237600002500263650003300288856010700321999001700428260210s9999 xx 000 0 und d a18B-099-SE, 18B-028-SE, 18B-014-SE, 18B-041-SE & 18B-013-SE aMuhammad Moin, Kanwar Anus Muzamil, Heba Qaiser, Muhammad Soman Khan, Taha Ahmed Khan aSir Ali Ahmed 0aShopper's Guide aKarachi:bUITU,c2019 aSoftware engineering aBachelor of Engineering (BE) uhttps://drive.google.com/file/d/1eaPEV2SSngHfOgoOcLIl3LXEuoCIyNdl/view?usp=sharingyClick here for PDF c33480d33480